000 00492nam a2200181Ia 4500
005 20250317123457.0
008 008 250317s9999 xx 000 0 eng d
037 _aTextbook
040 _aFMSL
_beng
_cFMSL
041 _aeng
_2eng
084 _aX:89A K9
_qFMSL
100 _aMckenney J C
_9740398
245 0 _aCases in operation management
260 _aNY
_bNY, John Wiley
_c1969
300 _a311p
942 _cTB
_hX:89A K9
999 _c1251425
_d1251425